| 000 | 00331nam a22001217a 4500 | ||
|---|---|---|---|
| 999 |
_c153963 _d153963 |
||
| 082 |
_a _b |
||
| 245 |
_amalayala sidhathangal pashchathyavum paurasmirithium/ _cby Benjamin D (comp.) |
||
| 260 |
_aThiruvananthapuram: _bUniversity of Kerala, _c1999. |
||
| 300 | _a100p. | ||
| 650 | _a | ||
| 700 | _aBenjamin D (comp.) | ||
| 942 | _cBK | ||